Paroles - Starmania (Cristal) - Starmania - Statistiques

Statistiques générales
  • Ce quiz a été pris 11 fois
  • Le résultat moyen est 290 sur 356
Statistiques - réponses
Hints Answerd % Correct
moi ?
100%
a
89%
à
89%
âge
89%
anti-stars
89%
Après
89%
besoin
89%
bien
89%
Capitale
89%
celui-là ?
89%
c'est
89%
Comme
89%
Cristal
89%
croire
89%
Dans
89%
dans
89%
de
89%
De
89%
des
89%
Des
89%
dis
89%
en
89%
et
89%
étoile
89%
jeunes
89%
Le
89%
le
89%
l'émission
89%
L'émission
89%
les
89%
lui
89%
Ma
89%
ma
89%
maintenant
89%
n'as
89%
notoire
89%
numéro
89%
On
89%
on
89%
par
89%
pas ?
89%
pas
89%
plus
89%
pour
89%
Pourquoi
89%
pourquoi
89%
préférée
89%
prends
89%
Présentée
89%
Quand
89%
que
89%
Qu'est-ce
89%
qu'est-ce
89%
qu'il
89%
se
89%
son
89%
sondages
89%
Sont
89%
sourire
89%
star
89%
Starmania
89%
stars
89%
te
89%
Télé
89%
toi ?
89%
tous
89%
Tous
89%
tout
89%
Travolta
89%
très
89%
tu
89%
Tu
89%
un
89%
une
89%
vent
89%
La speakerine Voici
89%
voiles
89%
voir
89%
vois
89%
voudrait
89%
Bader
78%
coiffeur
78%
D'ailleurs
78%
dire
78%
J'ai
78%
matin
78%
partant
78%
bassiste
67%
bonne
67%
boucher
67%
choristes
67%
Mon
67%
mon
67%
aux
56%
Beach Boy's
56%
Beatles
56%
Bee Gees
56%
Callas
56%
Carter
56%
Chapplin
56%
copines
56%
De Gaulle
56%
docteur
56%
Giscard
56%
Marilyn
56%
Mes
56%
mes
56%
patronne
56%
Tarzan
56%
Tino
56%
batteur
44%
danseurs
44%
Jaeger
44%
Rocard
44%
Sagan
44%
Tintin
44%
Tito
44%
voisines
44%
Bocuse
33%
Bokassa
33%
Caroline
33%
Dada
33%
Eddie
33%
Gaston
33%
Guérard
33%
Jackie
33%
Jean-Paul II
33%
luthier
33%
Rocco
33%
Sadate
33%
Amin
22%
Brejnev
22%
Ziggy
22%
Béghin
11%
Breliev
11%
Chazot
11%
Mesrines
11%
Balra
0%
Aucun quiz correspondant
Distribution des résultats
% des personnes avec chaque résultat
Percentile par nombre de réponses
Votre historique - résultats
Vous n’avez pas pris ce quiz